| 000 | 00430nam a2200133Ia 4500 | ||
|---|---|---|---|
| 008 | 171212s9999 xx 000 0 und d | ||
| 020 | _a9781921934254 | ||
| 100 | _aBorek Puza, | ||
| 245 |
_cBorek Puza, _aBayesian Methods for Statistical Analysis |
||
| 260 |
_bANU E Press _c2015 |
||
| 650 | _aBayesian statistical decision theory; Statistical decision | ||
| 650 | _aStatistics | ||
| 856 | _uhttp://jstor.org/stable/j.ctt1bgzbn2 | ||
| 999 |
_c351009 _d351009 |
||